Environments / (Record no. 7051)

MARC details
000 -LEADER
fixed length control field 00668nam a22002177a 4500
003 - CONTROL NUMBER IDENTIFIER
control field OSt
005 - DATE AND TIME OF LATEST TRANSACTION
control field 20251211082109.0
008 - FIXED-LENGTH DATA ELEMENTS--GENERAL INFORMATION
fixed length control field 251211b |||||||| |||| 00| 0 eng d
020 ## - INTERNATIONAL STANDARD BOOK NUMBER
International Standard Book Number 0278402208
040 ## - CATALOGING SOURCE
Original cataloging agency DWCL - Main
Transcribing agency OC
082 ## - DEWEY DECIMAL CLASSIFICATION NUMBER
Classification number Circ. 372.83 K5 1979
100 ## - MAIN ENTRY--PERSONAL NAME
Personal name King, David C.
Relator term Author
245 ## - TITLE STATEMENT
Title Environments /
Statement of responsibility, etc. David C. King [and two others]
260 ## - PUBLICATION, DISTRIBUTION, ETC.
Place of publication, distribution, etc. New York:
Name of publisher, distributor, etc. Litton Educational Publishing, Inc.,
Date of publication, distribution, etc. c1979
300 ## - PHYSICAL DESCRIPTION
Extent viii, 342 p.:
Other physical details ill.;
Dimensions 26 cm.
504 ## - BIBLIOGRAPHY, ETC. NOTE
Bibliography, etc. note Includes glossary and index.
650 ## - SUBJECT ADDED ENTRY--TOPICAL TERM
Topical term or geographic name entry element 1. Social Studies.
700 ## - ADDED ENTRY--PERSONAL NAME
Personal name I. Weisman, Jay L.
Relator term Author
700 ## - ADDED ENTRY--PERSONAL NAME
Personal name II. Wheeler, Ronald
Relator term Author
942 ## - ADDED ENTRY ELEMENTS (KOHA)
Source of classification or shelving scheme Dewey Decimal Classification
Koha item type Book Circulation
Suppress in OPAC No
952 ## - LOCATION AND ITEM INFORMATION (KOHA)
--
952 ## - LOCATION AND ITEM INFORMATION (KOHA)
--
Holdings
Withdrawn status Lost status Source of classification or shelving scheme Damaged status Not for loan Home library Current library Shelving location Date acquired Source of acquisition Total Checkouts Full call number Barcode Date last seen Copy number Price effective from Koha item type Uniform Resource Identifier
    Dewey Decimal Classification     Junior High School Library Junior High School Library Circulation 06/01/2005 Library Fund   Circ. 372.83 K5 1979 JHS - 12514 12/11/2025 c2 12/11/2025 BK-CIRC
    Dewey Decimal Classification     Junior High School Library Junior High School Library Circulation 06/01/2005 Library Fund   Circ. 372.83 K5 1979 JHS - 602 12/11/2025 c1 12/11/2025 BK-CIRC